| 000 | 00353nam a2200145 a 4500 | ||
|---|---|---|---|
| 001 | 1297 | ||
| 003 | CDMR | ||
| 005 | 20130116135208.0 | ||
| 008 | 130130s2007||||||||||||||||||||||||||||d | ||
| 040 |
_aCDMR _bcat _cCPC LLEIDA |
||
| 100 | 1 |
_aSistac, Dolors _91013 |
|
| 245 | 1 | 0 |
_aFoc d'encenalls _cSISTAC, Dolors |
| 260 |
_aLleida _c2007 _bLa MaƱana |
||
| 942 | _cMON | ||
| 999 |
_c1297 _d1297 |
||